| 000 | 00576nam a2200205 a 4500 | ||
|---|---|---|---|
| 008 | |||
| 020 | _a9780953643097(pbk.) | ||
| 049 | _aMAIN | ||
| 090 |
_aPN4784.F76 _bPUL |
||
| 100 | 1 | _aCedric,Pulford | |
| 245 | 1 | 0 |
_aByliners : _b101 ways to be a freelance jounalist/ _bCedric Pulford |
| 260 |
_aLondon : Ituri Publications, _c2009 |
||
| 300 |
_a128 p. ; _c18 cm. |
||
| 650 | 1 | _aFreelancing | |
| 907 |
_a.b10268170 _b02-10-09 _c02-10-09 |
||
| 003 | |||
| 005 | 20230123124952.0 | ||
| 040 | _cNUST | ||
| 942 |
_cBOOKS _kPN4784.F76 _mPUL |
||
| 999 |
_c133431 _d133431 |
||